000 00962nam a2200265Ia 4500
003 GCL
008 140319s9999 xx 000 0 ara d
040 _aGCL /
_cGCL
082 0 4 _a027
_bم ت
100 1 _aياسر يوسف عبدالمعطى
245 1 0 _aتكنولوجيا المعلومات فى المكتبات ومراكز المعلومات /
_cياسر يوسف عبدالمعطى
700 1 _aمحمد محمد امان
250 _aالاولى
260 _aالكويت :
_bمكتبة الفلاح ،
_c2004
300 _a200 ص ؛
_c26 سم
650 0 4 _aمراكز المعلومات
650 0 4 _aشبكات المعلومات
650 0 4 _aالتوثيق
650 0 4 _aالتكنولوجيا - خدمات المعلومات
650 0 4 _aالإنترنت
650 0 4 _aالمكتبات - تنظيم وادارة
650 0 4 _aالمكتبات - علم
650 0 4 _aالدوريات الالكترونية
942 _2ddc
_cBK
999 _c7466
_d7466